Finite Element Methods for Computational Fluid Dynamics : A Practical Guide /
Guardado en:
| Autores principales: | , |
|---|---|
| Formato: | Libro |
| Lenguaje: | inglés |
| Publicado: |
Philadelphia :
Siam,
2015
|
| Etiquetas: |
Sin Etiquetas, Sea el primero en etiquetar este registro!
|
MARC
| LEADER | 00000nam a22000003a 4500 | ||
|---|---|---|---|
| 001 | 0119125 | ||
| 003 | SK-STU | ||
| 005 | 20251218125506.0 | ||
| 007 | ta | ||
| 008 | 251218s ----xo-----e------000-0-----d | ||
| 020 | |a 978-1-611973-60-0 | ||
| 040 | |a STU |b slo | ||
| 041 | 0 | |a eng | |
| 044 | |a xxu | ||
| 100 | 1 | |a Kuzmin, Dmitri |4 aut | |
| 245 | 1 | 0 | |a Finite Element Methods for Computational Fluid Dynamics : |b A Practical Guide / |c aut. Dmitri Kuzmin, Jari Hämäläinen |
| 260 | |a Philadelphia : |b Siam, |c 2015 | ||
| 300 | |a 313 s. | ||
| 700 | 1 | |a Hämäläinen, Jari |r Z6 |4 aut | |
| 996 | |b 284EK91152 |c E* 91152 |l EE36 |s P |a 0 |w 0119125_0001 | ||